Les recherches sur google en 2023 - Questions - Statistiques

Statistiques générales
  • Ce quiz a été pris 98 fois
  • Le résultat moyen est 2 sur 10
Statistiques - réponses
Hint Réponse % Correct
Comment est mort Mickey Mouse ? 1
30%
Qu’est-ce que le bubble tea ? 8
28%
Hamas c’est quoi ? 6
27%
Combien de temps dure un match de rugby ? 10
25%
Motion de censure c’est quoi ? 2
17%
C’est quoi le 49.3 ? 3
15%
Qui a gagné Koh Lanta 2023 ? 7
15%
Qui a gagné le Ballon d’Or 2023 ? 9
15%
Qui a gagné l’Eurovision 2023 ? 5
12%
Pourquoi les tronçonneuses ont été inventées ? 4
7%
Aucun quiz correspondant
Distribution des résultats
% des personnes avec chaque résultat
Percentile par nombre de réponses
Votre historique - résultats
Vous n’avez pas pris ce quiz